000 00390nam a2200169Ia 4500
008 221030s9999 xx 000 0 und d
020 _a8182091020
041 _aEnglish
082 _a105.23
100 _aA. Leon
245 0 _aEssentials of Database Management Systems
260 _bTMH
_aNew Delhi
_c2009
300 _a447
650 _aBE Computer
700 _aM. Leon
942 _cBK
999 _c6491
_d6491